000 00398nam a22001457a 4500
003 OSt
005 20250715093219.0
008 240812b |||||||| |||| 00| 0 eng d
020 _a9589333036
040 _cCO-JMCR
082 _a340
_bP42a
_223
245 _aLa picaresca jurídica universal /
_ccompilado por Gustavo Ibáñez Carreño.
300 _aaxv, 308 páginas ;
_c22 cm.
942 _2ddc
_cBK
999 _c30806
_d17190